000 00764nam a2200193Ia 4500
003 GCL
008 140319s9999 xx 000 0 ara d
040 _aGCL /
_cGCL
082 0 4 _a320.9
_bم م
100 1 _aالمنشأة العامة للنشروالتوزيع
245 1 0 _aمن انطباعات اساتذة الجامعات اللبنانية عن الحوار مع العقيد معمر القذافى /
_cالمنشأة العامة للنشروالتوزيع
300 _a234 ص
490 _aالهيئة العامة للاستعلامات
_v0
650 0 4 _aالتعاون الدولى
650 0 4 _aالسياسة الدولية
650 0 4 _aمعمر القذافى
650 0 4 _aليبيا - الاحوال السياسية
942 _2ddc
_cBK
999 _c50660
_d50660